000
00291nam a22001337a 4500
008
170714b xxu||||| |||| 00| 0 eng d
020
_a
9780199844739
041
_a
eng
080
_a
16
100
_a
17
101
_a
FIL
245
_a
NO LONGER INVISIBLE
_c
JACOBSEN.D
942
_2
udc
_c
BK
999
_c
20710
_d
20710